书目信息 |
| 题名: |
神经网络设计与实现
|
|
| 作者: | 马尔希 , 米切尔 著 ;朱梦瑶 译 | |
| 分册: | ||
| 出版信息: | 北京 机械工业出版社 2021.06 |
|
| 页数: | X, 205页 | |
| 开本: | 24cm | |
| 丛书名: | 智能系统与技术丛书 | |
| 单 册: | ||
| 中图分类: | TP183 | |
| 科图分类: | ||
| 主题词: | 人工神经网络--ren gong shen jing wang luo--设计 | |
| 电子资源: | ||
| ISBN: | 978-7-111-68350-6 | |
| 000 | 01469nam 2200325 450 | |
| 001 | 202021191851 | |
| 005 | 20211025120130.0 | |
| 010 | @a978-7-111-68350-6@dCNY89.00 | |
| 100 | @a20210919d2021 em y0chiy50 ea | |
| 101 | 1 | @achi@ceng |
| 102 | @aCN@b110000 | |
| 105 | @aa z 000yy | |
| 106 | @ar | |
| 200 | 1 | @a神经网络设计与实现@Ashen jing wang luo she ji yu shi xian@f(英) 列奥纳多·德·马尔希, 劳拉·米切尔著@d= Hands-on neural network@fLeonardo De Marchi, Laura Mitchell@g朱梦瑶 ... [等] 译@zeng |
| 210 | @a北京@c机械工业出版社@d2021.06 | |
| 215 | @aX, 205页@c图@d24cm | |
| 225 | 2 | @a智能系统与技术丛书@Azhi neng xi tong yu ji shu cong shu |
| 300 | @a华章IT 华章图书 | |
| 306 | @a由Packt Publishing授权出版 | |
| 314 | @a列奥纳多·德·马尔希, 目前是Badoo的数据科学家主管, Badoo是全球最大的交友网站之一。劳拉·米切尔, 目前是Badoo的首席数据科学家。 | |
| 330 | @a本书从机器学习基础、深度学习应用和高级机器学习这三个方面入手, 结合算法理论、代码实现和应用场景, 介绍了机器学习的新动向和新技术。内容包括: 有监督学习入门 ; 基于卷积神经网络的图像处理等。 | |
| 410 | 0 | @12001 @a智能系统与技术丛书 |
| 500 | 10 | @aHands-on neural network@mChinese |
| 606 | 0 | @a人工神经网络@Aren gong shen jing wang luo@x设计 |
| 690 | @aTP183@v5 | |
| 701 | 1 | @a马尔希@Ama er xi@g(Marchi, Leonardo De)@4著 |
| 701 | 1 | @a米切尔@Ami qie er@g(Mitchell, Laura)@4著 |
| 702 | 0 | @a朱梦瑶@Azhu meng yao@4译 |
| 801 | 0 | @aCN@c20210909 |
| 905 | @a河南城建学院图书馆@dTP183@eM048 | |
| 神经网络设计与实现/(英) 列奥纳多·德·马尔希, 劳拉·米切尔著= Hands-on neural network/Leonardo De Marchi, Laura Mitchell/朱梦瑶 ... [等] 译.-北京:机械工业出版社,2021.06 |
| X, 205页:图;24cm.-(智能系统与技术丛书) |
| 华章IT 华章图书 |
| ISBN 978-7-111-68350-6:CNY89.00 |
| 本书从机器学习基础、深度学习应用和高级机器学习这三个方面入手, 结合算法理论、代码实现和应用场景, 介绍了机器学习的新动向和新技术。内容包括: 有监督学习入门 ; 基于卷积神经网络的图像处理等。 |
| ● |
| 相关链接 |
|
|
|
正题名:神经网络设计与实现
索取号:TP183/M048
 
预约/预借
| 序号 | 登录号 | 条形码 | 馆藏地/架位号 | 状态 | 备注 |
| 1 | 1540749 | 215407496 | 自科库301/301自科库 39排6列2层/ [索取号:TP183/M048] | 在馆 | |
| 2 | 1540750 | 215407502 | 自科库301/301自科库 39排6列2层/ [索取号:TP183/M048] | 在馆 |